| 000 | 00489nam a2200181Ia 4500 | ||
|---|---|---|---|
| 008 | 180921t2001 xxu||||| |||| 00| 0 sin d | ||
| 041 | _asin | ||
| 080 |
_a681.3 _bSIR |
||
| 100 | _aSirisuriya, Rohan Kelum | ||
| 245 | _aපරිගණකයේ පස් පංගුව | ||
| 246 | _aPariganakaye pas panguva | ||
| 260 |
_bAuthor Publishing _c2001 |
||
| 300 | _a164p., ill., 22 cm | ||
| 650 | _aComputer | ||
| 942 | _cBK | ||
| 999 |
_c17459 _d17459 |
||
| 003 | LK-CoDNM | ||
| 040 |
_aLK-CoDNM _dLK-CoDNM _eLK-CoDNM |
||